Statystyki dla Wszyscy zwycięzcy Ligi mistrzów/Pucharu Europy

Kliknij tutaj aby rozwiązać quiz!

Ogólne statystyki

  • Ten quiz został rozwiązany 196 razy
    (163 od ostatniego zresetowania)
  • Średni wynik to 9 z 22

Statystyki odpowiedzi

HintOdpowiedź% Poprawnych
13 razyReal Madryt
99%
5 razyFC Barcelona
90%
7 razyAC Milan
80%
6 razyBayern Monachium
79%
3 razyManchester United
70%
3 razyInter Mediolan
64%
6 razyLiverpool FC
50%
2 razyChelsea Londyn
47%
2 razyJuventus Turyn
47%
4 razyAjax Amsterdam
44%
1 raz qBorussia Dortmund
42%
2 razyFC Porto
41%
2 razyNottingham Forest
34%
1 razAston Villa
25%
2 razyBenfica Lizbona
23%
1 razCeltic Glasgow
20%
1 razOlympique Marsylia
18%
1 razSteaua Bukareszt
18%
1 razFeyenoord Rotterdam
13%
1 razHamburger SV
13%
1 razCrvena Zvezda Belgrad
12%
1 razPSV Eindhoven
12%

Rozkład punktacji

Percentyl według liczby udzielonych odpowiedzi

Procent ludzi z każdym wynikiem

Twoja historia wyników

Nie rozwiązałeś tego quizu od ostatniego zresetowania